[Event "Patras op"]
[Site "Patras"]
[Date "2002.08.03"]
[Round "4.31"]
[White "Tseles, Drosos"]
[Black "Sigouros, Michail"]
[Result "0-1"]
[WhiteElo "1520"]
[BlackElo "1700"]
[PlyCount "58"]
[EventDate "2002.08.??"]
[EventType "swiss"]
[EventRounds "9"]
[EventCountry "GRE"]
[SourceTitle "CBM 089 Extra"]
[Source "ChessBase"]
[SourceDate "2002.09.10"]
[SourceVersion "2"]
[SourceVersionDate "2002.09.10"]
[SourceQuality "1"]

1. e4 c5 2. Nf3 d6 3. d4 cxd4 4. Nxd4 Nf6 5. Nc3 a6 6. Bd3 e6 7. 0-0 Be7 8. Kh1 0-0 9. f4 Nc6 10. Nxc6 bxc6 11. e5 Nd5 12. Qh5 g6 13. Qg4 f5 14. exf6 Nxf6 15. Qg3 Nh5 16. Qg4 Nf6 17. Qg3 Kg7 18. f5 exf5 19. Bxf5 Nh5 20. Qe3 Bxf5 21. Rxf5 Rxf5 22. Qh6+ Kg8 23. g4 Bg5 24. Bxg5 Qxg5 25. Qxg5 Rxg5 26. gxh5 Rxh5 27. Ne4 Re5 28. Nxd6 Re2 29. Rc1 Rf8 0-1